The next leap in productivity : what top managers really need to know about information technology /

Bibliographic Details
Main Author: Kolawa, Adam
Format: Book
Published: Hoboken, N.J: John Wiley & Sons, 2009.
Subjects:
LEADER 00629cam a2200181 7i4500
001 0000024819
005 20151104090000.0
005 ##20151104130700.0
003 ##MY-KlINT
020 # # |a 9780470398111  
039 # 9 |y 201511041307  |z VLOAD 
090 0 0 |a E 004.068   |b KOL 
100 1 # |a Kolawa, Adam 
245 1 4 |a The next leap in productivity :   |b what top managers really need to know about information technology /   |c Adam Kolawa. 
260 # # |a Hoboken, N.J:   |b John Wiley & Sons,   |c 2009. 
300 # # |a xviii, 187 p:   |b ill;   |c 24cm. 
504 # # |a Includes bibliographical references (p. 171-173) and index 
650 # 0 |a Information technology --   |x Management